• 首页
  • 本馆介绍
  • 公告通知
  • 最新文献
  • 馆藏检索
  • 电子资源
  • 读者导购
  • 参考咨询
  • 我的图书馆
  • 登录
  • 详细信息显示
  • 放入我的书架
  • 预约/预借图书
  • 作者相关作品
  • 分类相关作品
  • 丛书相关作品
  • 出版社相关作品

书目信息

  • 表格格式
  • 工作单格式
  • 卡片格式
题名:
2020中国仓储配送行业发展报告 (蓝皮书)
    
 
作者: ;中国仓储与配送协会 编著
分册:  
出版信息: 北京   中国商业出版社  2020.07
页数: 411页
开本: 29cm
丛书名:
单 册:
中图分类: F259.2
科图分类:
主题词: 仓库管理--cang ku guan li--研究报告--中国--2020 , 物流管理--wu liu guan li--物资配送--研究报告--中国--2020
电子资源:
ISBN: 978-7-5208-1189-7
000 01307nam0 2200313 450
001 CAL 012022031259
005 20230217093111.0
010    @a978-7-5208-1189-7@dCNY280.00
092    @aCN@bRt1025-0355
100    @a20221011d2020 em y0chiy0120 ea
101 0  @achi
102    @aCN@b110000
105    @aabk z 000yy
106    @ar
200 1  @a2020中国仓储配送行业发展报告 (蓝皮书)@A2020 zhong guo cang chu pei song hang ye fa zhan bao gao (lan pi shu )@f中国仓储与配送协会编著
210    @a北京@c中国商业出版社@d2020.07
215    @a411页@c图, 地图@d29cm
300    @a中国仓储与配送协会
312    @a英文题名取自封面
330    @a本书共分五部分: 行业发展报告、行业研究与探索、行业典型案例、行业政策汇编、综合资料汇编。主要内容包括: 仓配行业2019年发展现状与2020年展望 ; 城乡配送2019年发展现状及2020年展望 ; 冷链物流2019年发展现状与2020年展望等。
510 1  @aChina warehousing and distribution industry development report@h2020@zeng
606 0  @a仓库管理@Acang ku guan li@x研究报告@y中国@z2020
606 0  @a物流管理@Awu liu guan li@x物资配送@x研究报告@y中国@z2020
690    @aF259.2@v5
711 02 @a中国仓储与配送协会@Azhong guo cang chu yu pei song xie hui@4编著
801  0 @aCN@bBJXHZP@c20230228
901    @a中国商业出版社
905    @b1408180-2@dF259.2@e365@f3
997    @a期货
    
    2020中国仓储配送行业发展报告 (蓝皮书)/中国仓储与配送协会编著.-北京:中国商业出版社,2020.07
    411页:图, 地图;29cm
    中国仓储与配送协会
    
    ISBN 978-7-5208-1189-7:CNY280.00
    本书共分五部分: 行业发展报告、行业研究与探索、行业典型案例、行业政策汇编、综合资料汇编。主要内容包括: 仓配行业2019年发展现状与2020年展望 ; 城乡配送2019年发展现状及2020年展望 ; 冷链物流2019年发展现状与2020年展望等。
●
相关链接 在E读中查询图书 在五车中查询图书 在当当中查询图书 在豆瓣中查询图书


正题名:2020中国仓储配送行业发展报告 (蓝皮书)     索取号:F259.2/365         预约/预借

序号 登录号 条形码 馆藏地/架位号 状态 备注
1 1408180   214081802   第一样本阅览室/ [索取号:F259.2/365] 在馆    
2 1408181   214081811   第一借阅区/ [索取号:F259.2/365] 在馆    
3 1408182   214081820   第一借阅区/ [索取号:F259.2/365] 在馆    
唐山师范学院图书馆 欢迎您!
大连网信软件有限公司© 版权所有